Minecraft Quiz: Impossible - Statistics

General Stats
  • This quiz has been taken 18 times
    10 since last reset
  • The average score is 5 of 13
Answer Stats
Question Answer % Correct
To craft a Mojang banner pattern, you need a... Enchanted Golden Apple
100%
Which of these server core support plugins, but not mods? Purpur
71%
Which mod has the second highest number of downloads on Modrinth? Sodium
57%
In Hypixel Skyblock, you need ___ combat levels to use the Aspect of the Dragons. 18
43%
You need this version of JDK to run 1.7.10: JDK8
43%
What is the core difference between how CurseForge and Modrinth distribute Minecraft modpacks? Modrinth uses the .mrpack format (based on manifest.json), while CurseForge uses .zip archives with manifest.json.
43%
To use Litematica, you need to have these mods downloaded: FabricAPI and Malilib
29%
You created your own texture pack. There is a file named ______ for Minecraft to recogonize it. pack.mcmeta
29%
Bedrock Edition is.... Trash
29%
How many Secret Fridays are there? 8
14%
Slimefun 4 is.... A server side plugin which provides a bunch of new things other than vanilla
14%
What was the first version when end portal frame was added to the game? Beta 1.9 pre3
14%
When starting a new Fabric mod project, which file is required in the mod’s root directory for Fabric Loader to recognize it as a valid mod? fabric.mod.json
14%
No matching quizzes found
Score Distribution
Percent of People with Each Score
Percentile by Number Answered
Your Score History
You have not taken this quiz since the last reset